000
00317nam a22001337a 4500
005
20250901165817.0
008
250402b |||||||| |||| 00| 0 eng d
020
_a
9789966226013
050
_a
PR 8704 .M35 2007
245
_a
IMA FA IMA
_c
MAKORI JOSPHAT
260
_a
NAIROBI
_b
JKF
_c
2007
300
_a
144
942
_2
lcc
999
_c
9528
_d
9528